00417nam a2200169Ia 4500003000400000005001700004008004100021020001500062050002600077100001800103245003700121260003500158300003300193440000600226521000700232526000800239OSt20140319083754.0140130s9999 xx 000 0 und d a0439250765 aQL 391.A6 b.G53 2001 aGlaser, Linda aWonderful worms /cLinda Glaser. bScholastic,c2001.aNew York : a28 p. :bcol. ill. ;c23 cm. v1 aG2 c390